In Bloom - Nirvana (All lyrics) - Statistics

General Stats
  • This quiz has been taken 365 times
  • The average score is 223 of 266
Answer Stats
Hint Answer % Correct
He
97%
The
97%
A
96%
I
96%
And
93%
Likes
92%
To
92%
Who
92%
On
91%
Shoot
90%
All
89%
Along
89%
It
89%
Sing
89%
What
89%
But
88%
Gun
88%
His
88%
Means
88%
One
87%
Songs
87%
Pretty
86%
Our
83%
Chorus 1 | Chorus 2 | Chorus 3 He's
81%
Is
77%
Say
74%
For
71%
Kids
71%
Not
70%
Verse 2 We
70%
Food
69%
Knows
69%
Verse 1 Sell
68%
Yeah
60%
In
58%
Bloom
57%
Nature
57%
Changes
56%
Whore
56%
Again
55%
Here
55%
Moods
55%
Weather
55%
Spring
51%
Glands
46%
Reproductive
46%
More
45%
Can
41%
Have
40%
Some
39%
Fruit
34%
Tender
30%
Age
29%
Bruises
27%
No matching quizzes found
Score Distribution
Percent of People with Each Score
Percentile by Number Answered
Your Score History
You have not taken this quiz